000
00283nam a22001217a 4500
008
230627b xxu||||| |||| 00| 0 eng d
082
_a
338.9
_b
DPR
245
_a
Development Policy Review
260
_a
UK
_b
Blackwell Publishing
300
_a
236p
440
_n
2
_v
24
942
_2
ddc
_c
BK
999
_c
2894
_d
2894